[Event "Veletrzni turnaj 2017 A "]
[Site "SÅ  informatiky, poÅ¡tovnictvÃ"]
[Date "2017.08.31"]
[Round "6.22"]
[White "Richter, Rudolf"]
[Black "Richterova, Julie"]
[Result "0-1"]
[WhiteElo "1251"]
[BlackElo "1715"]
[PlyCount "88"]
[EventDate "2017.08.27"]

1. Nf3 d5 2. d4 Nf6 3. Bf4 c5 4. e3 Nc6 5. Nbd2 cxd4 6. Nxd4 Nxd4 7. exd4 Bg4
8. Qxg4 Nxg4 9. Bb5+ Qd7 10. Bxd7+ Kxd7 11. Nb3 e6 12. f3 Nf6 13. Kf2 Be7 14.
Rhe1 Rhc8 15. c3 b5 16. Nd2 b4 17. Rac1 bxc3 18. bxc3 Rc6 19. c4 dxc4 20. Nxc4
Ra6 21. Re2 Rd8 22. Rd1 Nd5 23. Bd2 Rxa2 24. Ba5 Rxe2+ 25. Kxe2 Rc8 26. Ne3
Nxe3 27. Kxe3 Rc2 28. Rb1 Kc8 29. Bd2 Ra2 30. Rc1+ Kd7 31. Rb1 Bd6 32. g3 a5
33. Rb7+ Ke8 34. Ra7 a4 35. Ra8+ Ke7 36. Ra7+ Kf6 37. Ra6 Be7 38. d5 Bc5+ 39.
Kd3 Ke7 40. dxe6 fxe6 41. Ra5 Rxd2+ 42. Kxd2 Bb4+ 43. Kd3 Bxa5 44. f4 Kd6 0-1

[Event "Veletrzni turnaj 2017 A "]
[Site "SÅ  informatiky, poÅ¡tovnictvÃ"]
[Date "2017.08.31"]
[Round "6.23"]
[White "Dvorakova, Olga"]
[Black "Habinova, Alice"]
[Result "1-0"]
[WhiteElo "1678"]
[BlackElo "1393"]
[PlyCount "120"]
[EventDate "2017.08.27"]

1. d4 d5 2. Nf3 Nf6 3. Bg5 Bf5 4. e3 e6 5. Bd3 Bg4 6. Nbd2 Bd6 7. c3 Nbd7 8.
Qc2 h6 9. Bxf6 Nxf6 10. Ne5 O-O 11. h3 Bf5 12. Bxf5 exf5 13. Qxf5 Qe7 14. f4
Rae8 15. Qc2 c5 16. O-O b6 17. Rae1 Qb7 18. Kh1 Ne4 19. Nxe4 dxe4 20. Qf2 Kh7
21. Qg3 Qe7 22. Qf2 f6 23. Nc4 Bc7 24. Rd1 Qf7 25. b3 a6 26. d5 b5 27. Nb2 Rd8
28. c4 Rfe8 29. Qc2 Bd6 30. Rd2 Qg6 31. Kh2 f5 32. Rc1 Qh5 33. Qd1 Qh4 34. b4
cxb4 35. c5 Bb8 36. d6 Qf6 37. d7 Re6 38. Qc2 Rc6 39. Rcd1 a5 40. Rd5 Qe7 41.
R1d2 Qe6 42. Qb3 Qf6 43. Nd1 Qf8 44. Qc2 Bc7 45. g4 g6 46. Nf2 Qf6 47. Qb2 Qf8
48. Qd4 Qf7 49. Nh1 Qe6 50. Ng3 Qf7 51. gxf5 Qg8 52. Qxe4 Qf7 53. fxg6+ Qxg6
54. Qxg6+ Kxg6 55. Nf5 Kf7 56. Rg2 Ke6 57. Rgd2 Kf7 58. Ng3 Ke7 59. Ne2 Re6 60.
R2d3 Rf6 1-0

[Event "Veletrzni turnaj 2017 A "]
[Site "SÅ  informatiky, poÅ¡tovnictvÃ"]
[Date "2017.08.31"]
[Round "6.24"]
[White "Strelec, Ladislav"]
[Black "Tajovsky, Simon"]
[Result "0-1"]
[WhiteElo "1551"]
[BlackElo "1293"]
[PlyCount "94"]
[EventDate "2017.08.27"]

1. d4 d5 2. c4 Nc6 3. Nc3 Nf6 4. e3 dxc4 5. Bxc4 e5 6. dxe5 Qxd1+ 7. Nxd1 Nxe5
8. Bb3 Bb4+ 9. Nc3 Ne4 10. Bd2 Nd3+ 11. Ke2 Nexf2 12. Nf3 Nxh1 13. Rxh1 Nc5 14.
Bc4 Be6 15. Bxe6 Nxe6 16. a3 Bxc3 17. Bxc3 O-O 18. h4 Rfe8 19. Kf2 Nc5 20. Bd4
Ne4+ 21. Ke1 Ng3 22. Rh3 Nf5 23. Bc5 Nxe3 24. Kf2 Ng4+ 25. Kg3 Nf6 26. Bd4 Ne4+
27. Kf4 f6 28. g4 Rad8 29. Be3 h6 30. Nd4 Nd2 31. g5 Re4+ 32. Kf5 Rexd4 33.
Bxd4 Rxd4 34. gxf6 Rd5+ 35. Ke6 Rd6+ 36. Ke7 Rxf6 37. h5 Rd6 38. Rc3 Rc6 39.
Rd3 Nc4 40. b4 Nd6 41. Rf3 a6 42. Rf4 Rc3 43. Kd7 Rc4 44. Rf3 Kh7 45. Rf8 g6
46. hxg6+ Kg7 47. Rf3 Kxg6 0-1

[Event "Veletrzni turnaj 2017 A "]
[Site "SÅ  informatiky, poÅ¡tovnictvÃ"]
[Date "2017.08.31"]
[Round "6.25"]
[White "Vaculik, Martin"]
[Black "Ivan, Laszlo"]
[Result "1/2-1/2"]
[WhiteElo "1400"]
[BlackElo "1482"]
[PlyCount "66"]
[EventDate "2017.08.27"]

1. d4 e6 2. c4 d5 3. Nc3 Nf6 4. cxd5 exd5 5. Bg5 Nbd7 6. e3 c6 7. Bd3 Qa5 8.
Qc2 Bb4 9. Nf3 O-O 10. O-O Re8 11. Rac1 h6 12. Bxf6 Nxf6 13. a3 Bxc3 14. Qxc3
Qxc3 15. Rxc3 Ne4 16. Bxe4 Rxe4 17. Ne5 f6 18. f3 Rh4 19. Ng6 Rh5 20. g4 Rg5
21. Nf4 Bxg4 22. fxg4 Rxg4+ 23. Kh1 Re8 24. Rg1 Rh4 25. Rg3 g5 26. Ng2 Rhe4 27.
Rf3 Kg7 28. Rb3 R8e7 29. Kg1 Kg6 30. Rf2 Rg4 31. h3 Rge4 32. Rc3 h5 33. b4 f5
1/2-1/2

[Event "Veletrzni turnaj 2017 A"]
[Site "SÅ  informatiky, poÅ¡tovnictvÃ"]
[Date "2017.09.01"]
[Round "7.1"]
[White "Popper, Tomas"]
[Black "Hajek, Oskar"]
[Result "1/2-1/2"]
[WhiteElo "2050"]
[BlackElo "2134"]
[PlyCount "86"]
[EventDate "2017.08.27"]

1. b4 c6 2. Bb2 Qb6 3. a3 a5 4. c4 axb4 5. c5 Qc7 6. axb4 Rxa1 7. Bxa1 Na6 8.
Qb3 d6 9. d4 e5 10. e3 exd4 11. exd4 Nf6 12. Nc3 dxc5 13. bxc5 Qa5 14. Bb2 Nb4
15. Bc4 Be6 16. Bxe6 fxe6 17. Nf3 Nd3+ 18. Kd2 Nxb2 19. Qxb2 Be7 20. Ra1 Qd8
21. Qxb7 O-O 22. Ra7 Re8 23. Qc7 Bf8 24. Kc2 e5 25. dxe5 Qxc7 26. Rxc7 Ng4 27.
Rxc6 Nxe5 28. Nxe5 Rxe5 29. Rc8 Rxc5 30. Rxc5 Bxc5 31. Ne4 Ba7 32. Kd3 Kf7 33.
g4 Bb8 34. h3 Kg6 35. Ke3 h5 36. f4 hxg4 37. hxg4 Ba7+ 38. Kf3 Bd4 39. f5+ Kf7
40. g5 g6 41. Nd6+ Ke7 42. Ke4 Kxd6 43. Kxd4 gxf5 1/2-1/2

[Event "Veletrzni turnaj 2017 A"]
[Site "SÅ  informatiky, poÅ¡tovnictvÃ"]
[Date "2017.09.01"]
[Round "7.4"]
[White "Tikovsky, Alexandr"]
[Black "Snorek, Milan"]
[Result "1/2-1/2"]
[WhiteElo "2164"]
[BlackElo "2041"]
[PlyCount "41"]
[EventDate "2017.08.27"]

1. d4 d5 2. Bf4 Nf6 3. e3 e6 4. Nd2 c5 5. c3 Nc6 6. Ngf3 Bd6 7. Bg3 O-O 8. Bd3
a6 9. Ne5 Bxe5 10. dxe5 Nd7 11. f4 c4 12. Bc2 f5 13. exf6 Nxf6 14. e4 e5 15. f5
b5 16. Qe2 Bb7 17. exd5 Nxd5 18. O-O-O Qa5 19. Nb1 Rad8 20. Bh4 Nf4 21. Qg4
1/2-1/2

[Event "Veletrzni turnaj 2017 A"]
[Site "SÅ  informatiky, poÅ¡tovnictvÃ"]
[Date "2017.09.01"]
[Round "7.5"]
[White "Veznik, Michael"]
[Black "Stehlik, Jiri"]
[Result "0-1"]
[WhiteElo "1790"]
[BlackElo "1973"]
[PlyCount "114"]
[EventDate "2017.08.27"]

1. b3 Nf6 2. Bb2 g6 3. e4 d6 4. f4 Bg7 5. Nf3 O-O 6. d3 c6 7. Nbd2 b5 8. d4
Nbd7 9. g3 Bb7 10. Bg2 Qb6 11. Qe2 Ne8 12. O-O e5 13. fxe5 dxe5 14. c3 Nef6 15.
Kh1 Qc7 16. a4 a6 17. Rfc1 Rfe8 18. c4 b4 19. d5 c5 20. Rf1 Rf8 21. Ne1 Ne8 22.
Nd3 Nd6 23. g4 f6 24. Rf3 Bh6 25. Bc1 Rf7 26. Nf1 Bxc1 27. Rxc1 Raf8 28. Ng3
Bc8 29. Rcf1 Nb6 30. h3 a5 31. Qf2 Nb7 32. Ne2 Qe7 33. Qg3 Nd7 34. h4 Nd6 35.
R3f2 h6 36. Qe3 Ne8 37. Qxh6 g5 38. Qg6+ Rg7 39. Qf5 gxh4 40. Qf3 Rff7 41. Bh3
Nf8 42. g5 Bxh3 43. gxf6 Nxf6 44. Qxh3 Nxe4 45. Rxf7 Rxf7 46. Qg4+ Qg5 47.
Qxg5+ Nxg5 48. Rg1 Rf5 49. Nxc5 Kf7 50. Kg2 Ng6 51. Rf1 h3+ 52. Kg1 h2+ 53. Kg2
Rxf1 54. Kxh2 Rf2+ 55. Kg3 Rxe2 56. Nb7 Nf4 57. Nxa5 Rg2+ 0-1

[Event "Veletrzni turnaj 2017 A"]
[Site "SÅ  informatiky, poÅ¡tovnictvÃ"]
[Date "2017.09.01"]
[Round "7.6"]
[White "Pokorny, Petr"]
[Black "Macurek, Miloslav"]
[Result "1-0"]
[WhiteElo "2149"]
[BlackElo "1874"]
[PlyCount "95"]
[EventDate "2017.08.27"]

1. d4 Nf6 2. c4 g6 3. Nc3 Bg7 4. e4 d6 5. f3 O-O 6. Be3 e5 7. Nge2 c6 8. Qd2 a6
9. d5 cxd5 10. cxd5 Nbd7 11. g4 h5 12. gxh5 Nxh5 13. Ng3 Ndf6 14. O-O-O Qa5 15.
Kb1 b5 16. Bd3 Bd7 17. Nce2 Qxd2 18. Bxd2 Rfc8 19. Rhg1 Kh7 20. Rc1 Bh6 21.
Rxc8 Rxc8 22. Bb4 Be3 23. Rd1 Bc5 24. Bd2 Ng7 25. Nc1 Nfh5 26. Nb3 Bb6 27. Bb4
Nxg3 28. hxg3 Ne8 29. Na5 Bc5 30. Be1 Be3 31. a3 f5 32. Bc3 Bf2 33. exf5 gxf5
34. Nc6 Bxg3 35. Ne7 Rc7 36. Rg1 Bf4 37. Nxf5 Bxf5 38. Bxf5+ Kh6 39. Rg6+ Kh5
40. Re6 Ng7 41. Bg4+ Kg5 42. Rxd6 e4 43. Bf6+ Kg6 44. Rxa6 Rc1+ 45. Ka2 e3 46.
Be5+ Kg5 47. Bxg7 Kh4 48. Bh6 1-0

[Event "Veletrzni turnaj 2017 A"]
[Site "SÅ  informatiky, poÅ¡tovnictvÃ"]
[Date "2017.09.01"]
[Round "7.7"]
[White "Zuziak, Petr"]
[Black "Hosek, Martin"]
[Result "1/2-1/2"]
[WhiteElo "1951"]
[BlackElo "2118"]
[PlyCount "76"]
[EventDate "2017.08.27"]

1. d4 Nf6 2. c4 g6 3. Nc3 d5 4. cxd5 Nxd5 5. e4 Nxc3 6. bxc3 Bg7 7. Nf3 c5 8.
Rb1 O-O 9. Be2 Nc6 10. Be3 Qa5 11. O-O a6 12. d5 Ne5 13. c4 Nxf3+ 14. Bxf3 e6
15. Qc2 Qc7 16. a4 Rd8 17. Rfd1 Rb8 18. Qa2 exd5 19. exd5 Bf5 20. Rb3 Be5 21.
g3 b6 22. Bg2 Re8 23. f4 Bd4 24. Qf2 Rxe3 25. Rxe3 Qd7 26. Rxd4 cxd4 27. Ra3 d3
28. Bf1 Qe7 29. Rb3 Rc8 30. Bxd3 Bxd3 31. Rxd3 Rxc4 32. Rd4 b5 33. axb5 axb5
34. d6 Rc1+ 35. Kg2 Qb7+ 36. Kh3 Qd7+ 37. Kg2 Qb7+ 38. Kh3 Qd7+ 1/2-1/2

[Event "Veletrzni turnaj 2017 A"]
[Site "SÅ  informatiky, poÅ¡tovnictvÃ"]
[Date "2017.09.01"]
[Round "7.8"]
[White "Haupt, Jaromir"]
[Black "Krejci, Petr"]
[Result "1-0"]
[WhiteElo "1802"]
[BlackElo "2030"]
[PlyCount "61"]
[EventDate "2017.08.27"]

1. d3 d5 2. g3 c6 3. Bg2 g6 4. Nf3 Bg7 5. O-O Bg4 6. h3 Bd7 7. e4 dxe4 8. dxe4
Na6 9. e5 Nc7 10. Qe2 Ne6 11. Ng5 h5 12. Rd1 Nxg5 13. Bxg5 Qc7 14. Nc3 Bxe5 15.
Re1 f6 16. Bd2 O-O-O 17. b4 Bxc3 18. Bxc3 e5 19. a4 Ne7 20. Ra3 Nd5 21. Bd2 Bf5
22. c4 Nb6 23. Be3 Qf7 24. Rc1 Be6 25. Bxb6 axb6 26. a5 bxa5 27. Rxa5 Qc7 28.
Rca1 Qd6 29. b5 cxb5 30. Rxb5 b6 31. Qe4 1-0

[Event "Veletrzni turnaj 2017 A"]
[Site "SÅ  informatiky, poÅ¡tovnictvÃ"]
[Date "2017.09.01"]
[Round "7.9"]
[White "Habina, Martin"]
[Black "Straka, Vojtech"]
[Result "1/2-1/2"]
[WhiteElo "1963"]
[BlackElo "1943"]
[PlyCount "68"]
[EventDate "2017.08.27"]

1. e4 c6 2. d4 d5 3. exd5 cxd5 4. c4 Nf6 5. Nc3 e6 6. Nf3 Nc6 7. c5 Ne4 8. Qb3
Be7 9. Bd3 Nxc3 10. Qxc3 a5 11. O-O Bd7 12. Bf4 Rc8 13. a3 O-O 14. b4 Bf6 15.
Rfe1 Re8 16. Be5 b6 17. Bxf6 Qxf6 18. b5 Nxd4 19. Qxd4 Qxd4 20. Nxd4 bxc5 21.
Nf3 c4 22. Bc2 Bxb5 23. Nd4 Bd7 24. f4 g6 25. Rab1 Rb8 26. Rxb8 Rxb8 27. Rb1
Rxb1+ 28. Bxb1 f6 29. Nf3 Kf7 30. Kf2 Ke7 31. g4 Kd6 32. g5 f5 33. Bc2 Kc5 34.
Ke3 Bc6 1/2-1/2

[Event "Veletrzni turnaj 2017 A"]
[Site "SÅ  informatiky, poÅ¡tovnictvÃ"]
[Date "2017.09.01"]
[Round "7.11"]
[White "Meszaros, Ludek"]
[Black "Wunsch, Radek"]
[Result "1-0"]
[WhiteElo "2120"]
[BlackElo "1640"]
[PlyCount "73"]
[EventDate "2017.08.27"]

1. e4 Nc6 2. Nf3 e5 3. Bb5 a6 4. Ba4 Nf6 5. O-O Be7 6. Bxc6 bxc6 7. Nxe5 Nxe4
8. Re1 Nf6 9. d4 O-O 10. Bg5 Rb8 11. b3 h6 12. Bh4 Bb7 13. c4 d6 14. Nd3 Re8
15. Nd2 Qd7 16. Nf3 g5 17. Bg3 Bf8 18. Qd2 Ne4 19. Qc2 Nxg3 20. hxg3 Bg7 21.
Rad1 Qg4 22. c5 Bxd4 23. Qc4 Bxf2+ 24. Kxf2 Qf5 25. g4 Qf6 26. Qd4 Qg6 27. Re3
Rf8 28. Rde1 Bc8 29. Re7 f5 30. gxf5 Bxf5 31. g4 Bxd3 32. R1e6 Rxf3+ 33. Kxf3
Rf8+ 34. Kg3 Rf3+ 35. Kxf3 Be2+ 36. Kxe2 Qc2+ 37. Kf3 1-0

[Event "Veletrzni turnaj 2017 A"]
[Site "SÅ  informatiky, poÅ¡tovnictvÃ"]
[Date "2017.09.01"]
[Round "7.12"]
[White "Glozar, Petr"]
[Black "Zpevakova, Jana"]
[Result "0-1"]
[WhiteElo "1880"]
[BlackElo "2072"]
[PlyCount "114"]
[EventDate "2017.08.27"]

1. d4 Nf6 2. c4 e6 3. Nc3 d5 4. cxd5 exd5 5. Bg5 Be7 6. e3 h6 7. Bh4 O-O 8. Bd3
Re8 9. Nge2 c6 10. O-O Ne4 11. Bxe7 Qxe7 12. Nxe4 dxe4 13. Bc4 Nd7 14. Qc2 Nb6
15. Bb3 Bg4 16. Nf4 Qf6 17. h3 Bf5 18. Rfd1 Rad8 19. Rac1 g5 20. Ne2 Kh7 21.
Nc3 Re7 22. Qb1 h5 23. d5 cxd5 24. Bxd5 Qe5 25. Bb3 Rxd1+ 26. Rxd1 g4 27. Nd5
Nxd5 28. Rxd5 Qf6 29. Qd1 Rc7 30. hxg4 Bxg4 31. Qd2 Qg6 32. Bd1 Bf3 33. Bxf3
exf3 34. Qd3 Rc1+ 35. Kh2 Qxd3 36. Rxd3 Rc2 37. Rd7 Rxf2 38. Rxf7+ Kg6 39. Rxf3
Rxb2 40. a3 Rb3 41. Rg3+ Kf6 42. Rf3+ Ke6 43. a4 Rb4 44. Rh3 h4 45. a5 Kd6 46.
Rf3 b6 47. axb6 axb6 48. Kh3 Re4 49. Rf6+ Kc5 50. g4 hxg3 51. Kxg3 Rxe3+ 52.
Kf2 Re5 53. Rf7 b5 54. Rc7+ Kb4 55. Rc1 Kb3 56. Rb1+ Kc2 57. Rb4 Kc3 0-1

[Event "Veletrzni turnaj 2017 A"]
[Site "SÅ  informatiky, poÅ¡tovnictvÃ"]
[Date "2017.09.01"]
[Round "7.13"]
[White "Prokop, Jiri"]
[Black "Marsa, Alexandr"]
[Result "0-1"]
[WhiteElo "1729"]
[BlackElo "1917"]
[PlyCount "54"]
[EventDate "2017.08.27"]

1. f4 d5 2. Nf3 e6 3. d4 c5 4. e3 Bd7 5. c3 a6 6. Bd3 Nf6 7. O-O Bb5 8. a4 Bxd3
9. Qxd3 Nc6 10. Ne5 Rc8 11. Nd2 Be7 12. Ndf3 Ne4 13. Nd2 f5 14. Qe2 O-O 15.
Nxe4 fxe4 16. Bd2 Nxe5 17. fxe5 Qb6 18. Rxf8+ Rxf8 19. Rf1 Qxb2 20. Rxf8+ Bxf8
21. a5 Qa2 22. Qg4 Qxd2 23. Qxe6+ Kh8 24. Kf1 cxd4 25. cxd4 Qxe3 26. Qf7 Qd3+
27. Kf2 Qxd4+ 0-1

[Event "Veletrzni turnaj 2017 A"]
[Site "SÅ  informatiky, poÅ¡tovnictvÃ"]
[Date "2017.09.01"]
[Round "7.14"]
[White "Spodny, Josef"]
[Black "Feldvabl, Vilem"]
[Result "1-0"]
[WhiteElo "1913"]
[BlackElo "1672"]
[PlyCount "75"]
[EventDate "2017.08.27"]

1. d4 d5 2. Nf3 Bf5 3. e3 e6 4. Bd3 Bxd3 5. Qxd3 c6 6. O-O Nf6 7. Nbd2 Be7 8.
e4 dxe4 9. Nxe4 Nbd7 10. Re1 Nxe4 11. Qxe4 Nf6 12. Qe2 h6 13. c4 O-O 14. Bd2
Re8 15. Rad1 Qc7 16. Ne5 Rad8 17. Bc3 Nh7 18. Rd3 f6 19. Nf3 Bf8 20. Re3 Qc8
21. Rxe6 Kf7 22. Re4 Ng5 23. Nxg5+ hxg5 24. Rxe8 Rxe8 25. Qxe8+ Qxe8 26. Rxe8
Kxe8 27. Kf1 Kd7 28. Ke2 Ke6 29. Kf3 f5 30. h3 g6 31. Ke3 Bd6 32. Kd3 b5 33.
d5+ Kd7 34. Bf6 bxc4+ 35. Kxc4 cxd5+ 36. Kxd5 Bf4 37. Bd4 a6 38. Be3 1-0

[Event "Veletrzni turnaj 2017 A"]
[Site "SÅ  informatiky, poÅ¡tovnictvÃ"]
[Date "2017.09.01"]
[Round "7.15"]
[White "Nezval, Filip"]
[Black "Hruza, Dominik"]
[Result "1/2-1/2"]
[WhiteElo "1504"]
[BlackElo "1919"]
[PlyCount "90"]
[EventDate "2017.08.27"]

1. d4 d5 2. c4 dxc4 3. Nf3 Nf6 4. e3 e6 5. Bxc4 c5 6. O-O a6 7. dxc5 Bxc5 8.
Qxd8+ Kxd8 9. Rd1+ Ke7 10. b3 b6 11. Bb2 Nbd7 12. Nbd2 Bb7 13. Ne5 Nxe5 14.
Bxe5 Rhd8 15. Nf3 Rd7 16. Rxd7+ Nxd7 17. Bb2 Rd8 18. Be2 f6 19. Rd1 e5 20. Kf1
b5 21. a3 Nb6 22. Rxd8 Kxd8 23. Nd2 Kc7 24. b4 Bd6 25. e4 Bc8 26. Ke1 Be6 27.
Kd1 Na4 28. Ba1 Kb6 29. Kc2 a5 30. Bc3 Nxc3 31. Kxc3 axb4+ 32. axb4 g6 33. h3
h6 34. Bf1 Bd7 35. f3 h5 36. Be2 h4 37. Bd3 Kc6 38. Nb1 Bc7 39. Na3 Kb6 40. Nc2
Bd8 41. Bf1 Kc6 42. Na3 Kb6 43. Nc2 Be7 44. Be2 f5 45. Bd3 Bf6 1/2-1/2

[Event "Veletrzni turnaj 2017 A"]
[Site "SÅ  informatiky, poÅ¡tovnictvÃ"]
[Date "2017.09.01"]
[Round "7.16"]
[White "Barak, David"]
[Black "Khadash, Kamil"]
[Result "1/2-1/2"]
[WhiteElo "1798"]
[BlackElo "1680"]
[PlyCount "54"]
[EventDate "2017.08.27"]

1. d4 Nf6 2. Nf3 d6 3. c4 g6 4. Nc3 Bg7 5. e4 O-O 6. Be2 Nbd7 7. O-O c6 8. h3
Qc7 9. Be3 e5 10. d5 c5 11. a3 a6 12. Qc2 b6 13. b4 h6 14. Nd2 g5 15. Rfc1 Rb8
16. Rab1 Rb7 17. Rb2 Re8 18. Rcb1 Nf8 19. bxc5 bxc5 20. Bd1 Ng6 21. Rxb7 Bxb7
22. Qb2 Bc8 23. Ba4 Rd8 24. Bc6 g4 25. hxg4 Nxg4 26. Nf1 Qe7 27. Qd2 f5 1/2-1/2

[Event "Veletrzni turnaj 2017 A"]
[Site "SÅ  informatiky, poÅ¡tovnictvÃ"]
[Date "2017.09.01"]
[Round "7.17"]
[White "Khadash, Samuel"]
[Black "Fryda, Dominik"]
[Result "1/2-1/2"]
[WhiteElo "1561"]
[BlackElo "1758"]
[PlyCount "20"]
[EventDate "2017.08.27"]

1. e4 c6 2. d4 d5 3. e5 Bf5 4. f4 e6 5. Nf3 Nd7 6. c3 Ne7 7. Bd3 Bxd3 8. Qxd3
c5 9. Na3 Nc6 10. Nc2 cxd4 1/2-1/2

[Event "Veletrzni turnaj 2017 A"]
[Site "SÅ  informatiky, poÅ¡tovnictvÃ"]
[Date "2017.09.01"]
[Round "7.18"]
[White "Pelikan, Jaromir"]
[Black "Blazek, Pavel"]
[Result "0-1"]
[WhiteElo "1831"]
[BlackElo "1793"]
[PlyCount "48"]
[EventDate "2017.08.27"]

1. d4 d5 2. Nf3 Nf6 3. c4 e6 4. g3 c6 5. Bg2 Nbd7 6. O-O Bd6 7. Qc2 O-O 8. Rd1
Ne4 9. Nc3 f5 10. b3 Ndf6 11. Ne5 Bd7 12. Nb1 Bxe5 13. dxe5 Ng4 14. f3 Qb6+ 15.
c5 Nxc5 16. fxg4 Nxb3+ 17. Kh1 Nxa1 18. Qd3 fxg4 19. Be3 c5 20. Na3 Bc6 21.
Rxa1 d4 22. Bf4 Bxg2+ 23. Kxg2 Qb2 24. Rb1 Qxa2 0-1

[Event "Veletrzni turnaj 2017 A"]
[Site "SÅ  informatiky, poÅ¡tovnictvÃ"]
[Date "2017.09.01"]
[Round "7.19"]
[White "Richterova, Julie"]
[Black "Hrdlicka, Vladan"]
[Result "0-1"]
[WhiteElo "1790"]
[BlackElo "1770"]
[PlyCount "90"]
[EventDate "2017.08.27"]

1. d4 Nf6 2. c4 c5 3. d5 b5 4. cxb5 a6 5. bxa6 Bxa6 6. Nc3 g6 7. g3 d6 8. Bg2
Bg7 9. Nh3 Nbd7 10. O-O Bc4 11. a3 Nb6 12. Ng5 h6 13. Nh3 O-O 14. Re1 Ng4 15.
e4 Ne5 16. Qc2 Nd3 17. Rd1 Nb4 18. Qd2 Bb3 19. Rf1 Nc4 20. Qe2 Nc2 21. Rb1 Qa5
22. Bd2 Nd4 23. Qd3 Ne5 24. Qe3 Bc2 25. Rbc1 Nc4 26. Qe1 Rfb8 27. Nb1 Nxd2 28.
Qxd2 Qxd2 29. Nxd2 Ne2+ 30. Kh1 Nxc1 31. Rxc1 Rxb2 32. Nc4 Rb1 33. Rxb1 Bxb1
34. Nf4 Ra4 35. Nd2 Rxa3 36. Nxb1 Ra1 37. Bf1 Rxb1 38. Kg2 Rb4 39. Nd3 Rxe4 40.
Nf4 Ra4 41. Bb5 Rb4 42. Be2 c4 43. Kf3 c3 44. Ke3 Rd4 45. Bd3 g5 0-1

[Event "Veletrzni turnaj 2017 A"]
[Site "SÅ  informatiky, poÅ¡tovnictvÃ"]
[Date "2017.09.01"]
[Round "7.20"]
[White "Tajovsky, Matej"]
[Black "Cihal, Jan"]
[Result "1/2-1/2"]
[WhiteElo "1749"]
[BlackElo "1860"]
[PlyCount "28"]
[EventDate "2017.08.27"]

1. e4 e5 2. Nf3 Nf6 3. Nc3 Nc6 4. Bb5 Bb4 5. O-O O-O 6. d3 d6 7. Bg5 Bxc3 8.
bxc3 h6 9. Bh4 g5 10. Nxg5 Ne7 11. Nh3 Ng6 12. Bg3 Kh7 13. f4 Bxh3 14. fxe5 Bg4
1/2-1/2

[Event "Veletrzni turnaj 2017 A"]
[Site "SÅ  informatiky, poÅ¡tovnictvÃ"]
[Date "2017.09.01"]
[Round "7.21"]
[White "Koci, Milos"]
[Black "Rehurek, Karel"]
[Result "0-1"]
[WhiteElo "1348"]
[BlackElo "1865"]
[PlyCount "58"]
[EventDate "2017.08.27"]

1. d4 Nf6 2. Bf4 g6 3. Nf3 Bg7 4. e3 O-O 5. Be2 d6 6. O-O Nc6 7. h3 Nd5 8. Bh2
e5 9. Nbd2 exd4 10. exd4 Re8 11. Re1 Bf5 12. c3 a6 13. Qb3 Nb6 14. Bf1 Qd7 15.
Nc4 Nxc4 16. Bxc4 Na5 17. Qb4 Nxc4 18. Qxc4 Bh6 19. Nh4 b5 20. Qb3 Bd3 21. Qd1
Rxe1+ 22. Qxe1 Re8 23. Be5 dxe5 24. Qd1 e4 25. f3 f5 26. fxe4 fxe4 27. Qb3+ Bc4
28. Qa3 Qe7 29. Nxg6 Qxa3 0-1

[Event "Veletrzni turnaj 2017 A"]
[Site "SÅ  informatiky, poÅ¡tovnictvÃ"]
[Date "2017.09.01"]
[Round "7.22"]
[White "Tajovsky, Simon"]
[Black "Dvorakova, Olga"]
[Result "1-0"]
[WhiteElo "1419"]
[BlackElo "1689"]
[PlyCount "102"]
[EventDate "2017.08.27"]

1. d4 Nf6 2. c4 e6 3. Nc3 Bb4 4. Nf3 b6 5. e3 Bb7 6. Bd3 O-O 7. O-O Bxc3 8.
bxc3 Ne4 9. Qc2 f5 10. Nd2 Nxd2 11. Bxd2 d6 12. e4 Qf6 13. exf5 exf5 14. Rfe1
c5 15. d5 Bc8 16. Re3 Bd7 17. Rae1 Rf7 18. Bc1 Na6 19. Bb2 g6 20. Ba1 Nc7 21.
Bb2 Re8 22. Bc1 Rfe7 23. Qd2 Rxe3 24. Rxe3 Rxe3 25. fxe3 Qe5 26. Qe1 Ne8 27.
Bd2 Nf6 28. h3 Ne4 29. Bxe4 fxe4 30. Qf1 Qf5 31. Qxf5 Bxf5 32. Be1 Kf7 33. Bg3
Ke7 34. Bh4+ Kd7 35. g4 g5 36. Bxg5 Bg6 37. Kg2 a6 38. Kg3 b5 39. cxb5 Bf7 40.
bxa6 Bxd5 41. a3 Bc6 42. Kf4 Ke6 43. h4 d5 44. a7 Kd6 45. Kf5 Kc7 46. Ke6 Kb6
47. Kd6 Ba8 48. Bf4 c4 49. h5 Kxa7 50. g5 Bb7 51. g6 Bc8 1-0

[Event "Veletrzni turnaj 2017 A"]
[Site "SÅ  informatiky, poÅ¡tovnictvÃ"]
[Date "2017.09.01"]
[Round "7.23"]
[White "Zejda, Karel"]
[Black "Vavrinkova, Anna"]
[Result "0-1"]
[WhiteElo "1722"]
[BlackElo "1514"]
[PlyCount "34"]
[EventDate "2017.08.27"]

1. d4 d5 2. Nf3 Nf6 3. Bg5 e6 4. e3 a6 5. Bd3 Be7 6. Nbd2 Nbd7 7. O-O c5 8. c3
b5 9. Bc2 O-O 10. Ne5 Nxe5 11. dxe5 Nd7 12. Bf4 Bb7 13. Nf3 f6 14. exf6 Bxf6
15. Qd3 g6 16. Bh6 Rf7 17. Bf4 e5 0-1

[Event "Veletrzni turnaj 2017 A"]
[Site "SÅ  informatiky, poÅ¡tovnictvÃ"]
[Date "2017.09.01"]
[Round "7.24"]
[White "Ivan, Laszlo"]
[Black "Richter, Rudolf"]
[Result "0-1"]
[WhiteElo "1474"]
[BlackElo "1301"]
[PlyCount "97"]
[EventDate "2017.08.27"]

1. e4 d5 2. exd5 Qxd5 3. Nc3 Qd6 4. Bc4 Nf6 5. Nf3 Bg4 6. O-O e6 7. d3 Nc6 8.
Nb5 Qd7 9. Bf4 Bd6 10. Qd2 a6 11. Nbd4 O-O 12. Nxc6 Qxc6 13. Ne5 Bxe5 14. Bxe5
Nd7 15. Bxg7 Kxg7 16. Qg5+ Kh8 17. Qxg4 Rg8 18. Qh3 Ne5 19. Bb3 Rg7 20. g3 Nf3+
21. Kh1 Nd2+ 22. Qg2 Qxg2+ 23. Kxg2 Nxf1 24. Rxf1 Rg5 25. Re1 Kg7 26. Re4 Rd8
27. f4 Rc5 28. c3 Rxd3 29. Re2 Rc6 30. Kf2 Rcd6 31. Ke1 Kf6 32. a3 Rb6 33. Ba2
Rbd6 34. Bb3 Rd7 35. Bc2 R3d6 36. Bb3 b5 37. Bc2 h5 38. Bb3 c5 39. Bc2 c4 40.
h3 Rd5 41. g4 a5 42. a4 R7d6 43. Rf2 bxa4 44. Bxa4 Rd3 45. Rh2 Re3+ 46. Kf2
Rd2+ 47. Kxe3 Rxh2 48. Kd4 Rxh3 49. Kxc4 0-1

[Event "Veletrzni turnaj 2017 A"]
[Site "SÅ  informatiky, poÅ¡tovnictvÃ"]
[Date "2017.09.01"]
[Round "7.25"]
[White "Habinova, Alice"]
[Black "Vaculik, Martin"]
[Result "1-0"]
[WhiteElo "1300"]
[BlackElo "1504"]
[PlyCount "39"]
[EventDate "2017.08.27"]

1. e4 e6 2. d4 d5 3. Nc3 Bb4 4. Bd3 dxe4 5. Bxe4 Nf6 6. Bg5 h6 7. Bxf6 Qxf6 8.
Nf3 Nd7 9. a3 Bxc3+ 10. bxc3 O-O 11. O-O Rd8 12. Rb1 Rb8 13. Qe2 Qe7 14. Rb3
Nf6 15. Ne5 Bd7 16. Bxb7 Nd5 17. Qf3 Nf6 18. Bc6 Rxb3 19. cxb3 Be8 20. b4 1-0

[Event "Veletrzni turnaj 2017 A"]
[Site "SÅ  informatiky, poÅ¡tovnictvÃ"]
[Date "2017.09.02"]
[Round "8.1"]
[White "Hajek, Oskar"]
[Black "Romanov, Sergey"]
[Result "0-1"]
[WhiteElo "2116"]
[BlackElo "2111"]
[PlyCount "96"]
[EventDate "2017.08.27"]

1. e4 c5 2. Nf3 Nf6 3. e5 Nd5 4. Nc3 Nxc3 5. dxc3 Nc6 6. Bf4 Qc7 7. Bc4 e6 8.
O-O h6 9. Re1 Be7 10. Nd2 b6 11. Ne4 Nxe5 12. Qh5 d6 13. Bb5+ Bd7 14. Bxe5 dxe5
15. Bxd7+ Qxd7 16. Qxe5 O-O 17. Rad1 Qc6 18. Rd3 Rad8 19. Rg3 f6 20. Qh5 f5 21.
Nd2 Bf6 22. Qxh6 Qd6 23. Qg6 Qxd2 24. Kf1 Rd6 25. Rh3 Qg5 26. Qh7+ Kf7 27. Ree3
Qg6 28. Qxg6+ Kxg6 29. Ke2 Rfd8 30. Rd3 c4 31. Rxd6 Rxd6 32. f4 e5 33. fxe5
Bxe5 34. Rh4 b5 35. a4 a6 36. axb5 axb5 37. g3 Bf6 38. Rh8 Rd8 39. Rh3 Bg5 40.
b3 Rd2+ 41. Kf3 Rxc2 42. bxc4 Rxc3+ 43. Ke2 bxc4 44. Rh8 Rc2+ 45. Kf3 Rc3+ 46.
Kf2 Bf6 47. Rc8 Rc2+ 48. Kf1 Rxh2 0-1

[Event "Veletrzni turnaj 2017 A"]
[Site "SÅ  informatiky, poÅ¡tovnictvÃ"]
[Date "2017.09.02"]
[Round "8.2"]
[White "Mikes, Jan"]
[Black "Pokorny, Petr"]
[Result "1-0"]
[WhiteElo "2233"]
[BlackElo "2160"]
[PlyCount "96"]
[EventDate "2017.08.27"]

1. e4 e5 2. Nf3 Nf6 3. d4 Nxe4 4. Bd3 d5 5. Nxe5 Nd7 6. Nxd7 Bxd7 7. O-O Bd6 8.
c4 c6 9. cxd5 cxd5 10. Nc3 Nxc3 11. bxc3 O-O 12. Qh5 g6 13. Qxd5 Qc7 14. Bh6
Rfe8 15. g3 Be6 16. Qg5 Qxc3 17. Rfd1 Qc7 18. Qf6 Bf8 19. Bxf8 Rxf8 20. Be4 Bc4
21. d5 Rad8 22. d6 Qd7 23. Bd5 Bxd5 24. Rxd5 Rfe8 25. Rad1 b6 26. h4 Re6 27.
Qd4 h5 28. Kh2 Kh7 29. Qf4 Kg8 30. R1d3 Rc8 31. Re3 Rxe3 32. Qxe3 Re8 33. Re5
Rxe5 34. Qxe5 b5 35. Qe7 Qf5 36. Qxa7 Kf8 37. Qa8+ Kg7 38. Kg2 Qe6 39. Qc6 b4
40. Qb6 Qd5+ 41. Kh2 Qd2 42. Qc5 Kh7 43. d7 Qxd7 44. Qxb4 Qa7 45. Qb2 Kg8 46.
a3 Kf8 47. Qb4+ Ke8 48. Kg2 Kd7 1-0